000 00588cam a22002053a 4500
001 39002
003 PGUSA
005 20140828083848.0
008 120228s2012||||xxu|||||s|||||000 | eng d
040 _aPGUSA
_beng
042 _adc
100 1 _aThomson, J. Arthur
_q(John Arthur),
_d1861-1933
245 1 0 _aHerbert Spencer
_h[electronic resource] /
_cJ. Arthur Thomson
260 _bProject Gutenberg,
_c2012
506 _aPublic domain in the USA.
516 _aElectronic text
830 0 _aProject Gutenberg
_v39002
856 4 0 _uhttp://www.gutenberg.org/ebooks/39002
942 _cEB
999 _c268255
_d268255